|
|
|
|
| LEADER |
00000nab a2200000 a 4500 |
| 001 |
vtls000231028 |
| 003 |
SK-MaSNL |
| 005 |
20260304175115.0 |
| 008 |
250422c1985 xo 0 slo |
| 015 |
|
|
|a SNBRB19rr/mm-uuuuu
|
| 035 |
|
|
|a CL0241142
|
| 035 |
|
|
|a (urnnbn)urn:nbn:sk:snk:ar-006ndw
|
| 035 |
|
|
|a (uuid)e731a07f-646d-462b-8382-a2f84c2a4a57
|
| 035 |
|
|
|a urn:nbn:sk:snk-ab86nk
|
| 040 |
|
|
|a SNKBUCL
|b slo
|c SNKBUCL
|e AACR2
|
| 041 |
0 |
|
|a eng
|
| 044 |
|
|
|a xo
|c SK
|
| 080 |
|
|
|a 618.2
|2 1981
|
| 100 |
1 |
|
|a Naumenko, E. V.
|4 aut
|9 1222491
|
| 245 |
1 |
0 |
|a Stress in Early Ontogenesis and Raeactivity of Hypothalamo-Pituitary-Adrenal System in Adult Rats
|c E. V. Naumenko, L. N. Maslova
|
| 300 |
|
|
|b Obr. 3. Tb. 2., lit. 36 zázn. v ruš., angl., nem.
|
| 650 |
0 |
7 |
|a tehotenstvo
|2 snkbucl
|9 2477
|
| 650 |
0 |
7 |
|a steroidné hormóny
|2 snkbucl
|9 85971
|
| 655 |
|
7 |
|a články z novín a časopisov
|2 snkbucl
|9 267496
|
| 700 |
1 |
|
|a Maslova, L. N.
|4 aut
|9 1222492
|
| 773 |
0 |
|
|t Endocrinologia experimentalis
|g Roč. 19, č. 3 (1985), s. 171-178
|
| 850 |
|
|
|a Slovenská národná knižnica
|
| 852 |
|
|
|a Slovenská národná knižnica
|
| 958 |
|
|
|a article9
|
| 958 |
|
|
|a NB
|
| 958 |
|
|
|a RK
|
| 958 |
|
|
|a MI
|
| 958 |
|
|
|a SU
|
| 958 |
|
|
|a OND
|
| 958 |
|
|
|a EUIPO
|
| 992 |
|
|
|a RBX
|
| 999 |
|
|
|c 3012000
|d 3013930
|